Statistics for Sports Stars by Picture and Letter - 'A'

Click here to take the quiz!

General Stats

  • This quiz has been taken 62 times
  • The average score is 6 of 20

Answer Stats

Answer% Correct
Mohammad Ali
100%
Andre Agassi
62%
Carlos Alcaraz
59%
Giannis Antetokounmpo
59%
Kareem Abdul-Jabbar
59%
Arthur Ashe
48%
Dani Alves
48%
Yordan Álvarez
36%
Canelo Álvarez
34%
Hank Aaron
22%
Israel Adesanya
19%
Ronald Acuña Jr.
17%
Wasim Akram
16%
Giacomo Agostini
14%
Kjetil André Aamodt
14%
Babar Azam
10%
Valerie Adams
10%
Sandy Alcántara
9%
Rebecca Andrade
5%
Nikolai Andrianov
3%

Score Distribution

Percentile by Number Answered

Percent of People with Each Score

Your Score History

You have not taken this quiz